000
00222 a2200097 4500
001
31432
100
_a
Kaufeld Jone
245
_a
Access 2000 for Windows for Dummies
260
_a
New Delhi
_b
ODG
_c
090
_c
21316
_d
21316
942
_a
NUST-CAE
_c
M
_c
12577
999
_c
266505
_d
266505